| 000 | 00835cam a22002895a 4500 | ||
|---|---|---|---|
| 001 | 19586809 | ||
| 005 | 20180118103156.0 | ||
| 008 | 170406t2017 enka frb f001 0 eng d | ||
| 020 | _a9780198785286 | ||
| 040 |
_aDLC _beng _cDLC _dEG-ScBUE |
||
| 043 |
_ae-uk-en _ae-uk-wl |
||
| 082 | 0 | 4 |
_222 _a346.4203 _bHOR |
| 100 | 1 | _aHorsey, Kirsty. | |
| 245 | 1 | 0 |
_aTort law / _cKirsty Horsey, Erika Rackley. |
| 250 | _a5th ed. | ||
| 260 |
_aOxford ; _aNew York : _bOxford University Press, _cc.2017. |
||
| 300 |
_ali, 673 p. : _bill. ; _c16 cm. |
||
| 500 | _aIndex : p. 665-673. | ||
| 504 | _aIncludes bibliographical references. | ||
| 650 | 7 |
_2BUEsh _aTorts _zEngland. |
|
| 650 | 7 |
_2BUEsh _aTorts _zWales. |
|
| 651 | _2BUEsh | ||
| 653 |
_bLLAAWW _cNovember2017 |
||
| 655 |
_vText book _933728 |
||
| 700 | 1 | _aRackley, Erika. | |
| 942 | _2ddc | ||
| 999 |
_c25578 _d25550 |
||